Statistics for Names of the elements

Click here to take the quiz!

General Stats

  • This quiz has been taken 8 times
    (6 since last reset)
  • The average score is 57 of 118

Answer Stats

HintAnswer% Correct
ArArgon
100%
BBoron
100%
CaCalcium
100%
CCarbon
100%
ClChlorine
100%
AuGold
100%
HeHelium
100%
HHydrogen
100%
FeIron
100%
LiLithium
100%
NeNeon
100%
NNitrogen
100%
OOxygen
100%
KPotassium
100%
SiSilicon
100%
NaSodium
100%
AlAluminum
83%
CrChromium
83%
CoCobalt
83%
CuCopper
83%
P
Phosphorus
83%
FrFrancium
83%
MgMagnesium
83%
MnManganese
83%
NiNickel
83%
AgSilver
83%
SSulfur
83%
SnTin
83%
TiTitanium
83%
UUranium
83%
ZnZinc
83%
BeBeryllium
67%
BrBromine
67%
FFluorine
67%
GaGallium
67%
GeGermanium
67%
IIodine
67%
KrKrypton
67%
HgMercury
67%
WTungsten
67%
XeXenon
67%
AcActinium
50%
AmAmericium
50%
SbAntimony
50%
BaBarium
50%
BiBismuth
50%
CdCadmium
50%
CsCaesium
50%
EuEuropium
50%
GdGadolinium
50%
HoHolmium
50%
LaLanthanum
50%
PbLead
50%
OsOsmium
50%
PuPlutonium
50%
PoPolonium
50%
RnRadon
50%
RbRubidium
50%
RfRutherfordium
50%
SmSamarium
50%
SeSelenium
50%
SrStrontium
50%
VVanadium
50%
YYttrium
50%
ZrZirconium
50%
AsArsenic
33%
BkBerkelium
33%
CfCalifornium
33%
EsEinsteinium
33%
HfHafnium
33%
InIndium
33%
IrIridium
33%
MoMolybdenum
33%
NpNeptunium
33%
PdPalladium
33%
PtPlatinum
33%
PaProtactinium
33%
RaRadium
33%
ScScandium
33%
TaTantalum
33%
TeTellurium
33%
AtAstatine
17%
BhBohrium
17%
CeCerium
17%
CmCurium
17%
ErErbium
17%
FmFermium
17%
FlFlerovium
17%
LrLawrencium
17%
LuLutetium
17%
MdMendelevium
17%
McMoscovium
17%
NdNeodymium
17%
NhNihonium
17%
NbNiobium
17%
NoNobelium
17%
OgOganesson
17%
PmPromet
17%
ReRhenium
17%
RgRoentgenium
17%
RuRuthenium
17%
SgSeaborgium
17%
TcTechnetium
17%
TsTennessine
17%
TbTerbium
17%
TlThallium
17%
ThThorium
17%
TmThulium
17%
YbYtterbium
17%
CnCopernicium
0%
DsDarmstadtium
0%
DbDubnium
0%
DyDysprosium
0%
HsHassium
0%
LvLivermorium
0%
MtMeitnerium
0%
PrPraseodymium
0%
RhRhodium
0%

Score Distribution

Percentile by Number Answered

Percent of People with Each Score

Your Score History

You have not taken this quiz since the last reset